000 00625nam a2200145 a 4500
001 000039933
005 20250219170734.0
008 130730s2012 dr ac 000 0 spa d
040 _aDO-SdBNP
_bspa
_cBNPHU
245 0 0 _aPlan de acción del programa de país 2012-2016 :
_bentre el gobierno de la República Dominicana y el Fondo de la Naciones Unidas para la Infancia.
260 _aSanto Domingo :
_bGobierno de la República Dominicana
_bUNICEF,
_c2012.
300 _a40 p. :
_bil., retrs. ;
_c27 cm.
710 1 _aRepública Dominicana.
_bMinisterio de Economía, Planificación y Desarrollo
_966142
710 2 _aUNICEF
_983236
999 _c39423
_d39423